000 00788cam a22001814a 4500
005 20250605164354.0
008 250528s ||||||||||||||||||||||||d
035 _a24239
040 _aGR-AtMCL
_bgre
_dGR-AtMCL
_eAACR2
245 1 _aOpening up Mobility / Accelerating Change in Urban Mobility with Open Standards and Data
260 _bIntelligent Transport,
_c2019
300 _a64
520 _aReporting from the Cutting-Edge of Urban Transport Technology, Public Transport is as Passenger-Centric as Ever - MaaS Needs to be too, A Round-up of the Latest Industry News, Stockholm's Mobile Ticketing Revolution, CleverCAD: Better Insight and Better Service, Its European Congress.
700 1 _aAntoniou Luke
_99429
942 _cCR
999 _c9130
_d9130